000 00262nam a22001217a 4500
999 _c12935
_d12935
020 _a9789692316910
082 _a954
100 _aDr. Junaid Ahmed
245 _aIndia: An Apartheid State
260 _aPakistan
_bAJA
_c2018
300 _a454 pages.
942 _cBK